| 000 | 00736nam a2200229 a 4500 | ||
|---|---|---|---|
| 001 | BRCA_3523 | ||
| 005 | 20190320204323.0 | ||
| 008 | 260709s1945----mx-a---###---#000-0#spa-# | ||
| 041 | _aspa | ||
| 044 | _amx | ||
| 050 | 4 |
_aRA984 _b.R46 1945 |
|
| 100 | 1 |
_aRendon Cavallero, Pedro. _99151 |
|
| 245 | 1 | 0 |
_aVisita y reforma de los hospitales de San Juan de Dios de Nueva España en 1772-1774 _cselección de Rómulo Velasco Ceballos. |
| 260 |
_aMéxico _bArchivo Histórico de la Secretaría de Salubridad y Asistencia _c1945 |
||
| 300 |
_a2 v. _bil. _c23 cm. |
||
| 500 | _aB127. | ||
| 650 | 1 | 4 |
_aHospitales _99152 |
| 700 | 1 |
_aVelasco Ceballos, Romulo _eed. _99153 |
|
| 700 | 1 |
_aSan Juan de Dios _99154 |
|
| 902 | _aGFM | ||
| 942 |
_2lcc _cB |
||
| 999 |
_c3258 _d3258 |
||